000 00738nam a2200253Ia 4500
003 OSt
005 20220923225131.0
006 a|||||r|||| 00| 0
007 ta
008 220922b |||||||| |||| 00| 0 hin d
024 _a258,091
037 _cTextual
040 _aARTS
_cARTS
_bhin
041 _2hin
_ahin
082 _aX7, 152L7
100 _aकौशिक, रामशरण
_9156318
245 0 _aलोक वित
246 _aLok vita
260 _aमेरठ
_b मीनाक्षी प्रकाशन
_c1977
300 _a308पृ.
_ccm.
650 _aअर्थशास्त्र
942 _hX7, 152L7
_cTEXL
_2CC
999 _c376300
_d376300